[Event "XVII Miedzynarodowy Turniej Szachowy Kow"]
[Site "Kowalewo Pomorskie"]
[Date "2010.07.06"]
[Round "3.7"]
[White "Renkowski, Piotr"]
[Black "Jurkiewicz, Krzysztof"]
[Result "1/2-1/2"]
[WhiteElo "1931"]
[BlackElo "2142"]
[PlyCount "59"]
[EventDate "2010.??.??"]

1. e4 c5 2. Nf3 d6 3. c3 Nf6 4. Be2 Bd7 5. Qc2 Nc6 6. O-O e6 7. a3 Rc8 8. d3
Be7 9. h3 O-O 10. Be3 e5 11. Nbd2 d5 12. Bg5 d4 13. Nh2 Ne8 14. Bxe7 Nxe7 15.
f4 exf4 16. Rxf4 Ng6 17. Rf2 Nd6 18. Raf1 Qg5 19. Kh1 f5 20. Nhf3 Qe3 21. Qb3+
Kh8 22. Qd5 Rf6 23. Nc4 Nxc4 24. Qxd7 Nb6 25. Qxb7 Nf4 26. Ng1 fxe4 27. Qxe4
Rcf8 28. Qxe3 dxe3 29. Rf3 Na4 30. Rxe3 1/2-1/2

[Event "XVII Miedzynarodowy Turniej Szachowy Kow"]
[Site "Kowalewo Pomorskie"]
[Date "2010.07.06"]
[Round "3.8"]
[White "Zielinski, Wojciech"]
[Black "Puczylowski, Marcin"]
[Result "0-1"]
[WhiteElo "2008"]
[BlackElo "2034"]
[PlyCount "55"]
[EventDate "2010.??.??"]

1. e4 c5 2. Nf3 Nc6 3. d4 cxd4 4. Nxd4 e5 5. Nb5 Nf6 6. N1c3 d6 7. Nd5 Nxd5 8.
exd5 Nb8 9. c4 Be7 10. Be3 a6 11. Nc3 O-O 12. Bd3 f5 13. f3 Bh4+ 14. g3 Bg5 15.
Bxg5 Qxg5 16. Qd2 Qh5 17. O-O-O Nd7 18. g4 fxg4 19. fxg4 Qxg4 20. Ne4 Nc5 21.
Nxd6 Rf6 22. Ne8 Nxd3+ 23. Qxd3 Rf3 24. h3 Qf4+ 25. Qd2 Qxc4+ 26. Kb1 Bf5+ 27.
Ka1 Rxe8 28. Rdg1 0-1

[Event "XVII Miedzynarodowy Turniej Szachowy Kow"]
[Site "Kowalewo Pomorskie"]
[Date "2010.07.06"]
[Round "3.9"]
[White "Szmidt, Przemyslaw"]
[Black "Garbowska, Hanna"]
[Result "1-0"]
[WhiteElo "2033"]
[BlackElo "2026"]
[PlyCount "117"]
[EventDate "2010.??.??"]

1. d4 d5 2. c4 e6 3. Nc3 Nf6 4. Nf3 Be7 5. Bg5 Nbd7 6. e3 O-O 7. Rc1 b6 8. cxd5
exd5 9. Ne5 Bb7 10. Bb5 Nxe5 11. dxe5 Ne4 12. Bf4 Nxc3 13. bxc3 Ba3 14. Rb1 Qh4
15. Bd3 Bc5 16. Bg3 Qe7 17. Qh5 g6 18. Qh6 f6 19. h4 Qg7 20. Qxg7+ Kxg7 21.
exf6+ Kxf6 22. Bxc7 Rac8 23. Bf4 Rfe8 24. Bg5+ Kg7 25. h5 d4 26. hxg6 hxg6 27.
cxd4 Bxd4 28. Ke2 Bxg2 29. Rh6 Be5 30. Rxg6+ Kf7 31. Rh6 Rg8 32. Bf5 Rc6 33.
Rh7+ Rg7 34. Rxg7+ Bxg7 35. Rd1 Bf6 36. Bxf6 Kxf6 37. Bd3 Bd5 38. e4 Be6 39.
Ke3 Rc3 40. f4 Bxa2 41. Kd4 Rc7 42. e5+ Ke7 43. Rg1 Rd7+ 44. Ke3 a5 45. Rg2 Bd5
46. Rb2 Rb7 47. Kd4 Bg8 48. Bb5 Be6 49. Rg2 Kf7 50. Ke4 Rc7 51. Rb2 Bc4 52. f5
Rc5 53. Bxc4+ Rxc4+ 54. Kd5 Rf4 55. f6 a4 56. Rxb6 a3 57. Rb7+ Kg6 58. Rg7+ Kf5
59. f7 1-0

[Event "XVII Miedzynarodowy Turniej Szachowy Kow"]
[Site "Kowalewo Pomorskie"]
[Date "2010.07.06"]
[Round "3.10"]
[White "Kruczynski, Marek"]
[Black "Pietrzak, Tomasz"]
[Result "0-1"]
[WhiteElo "1988"]
[BlackElo "1980"]
[PlyCount "120"]
[EventDate "2010.??.??"]

1. e4 Nf6 2. Nc3 e5 3. Bc4 Nxe4 4. Qh5 Nd6 5. Bb3 Nc6 6. Nb5 g6 7. Qf3 Nf5 8.
Qd5 Nh6 9. d3 d6 10. Bxh6 Be6 11. Qf3 Bxh6 12. Bxe6 fxe6 13. Qh3 Bg5 14. Qxe6+
Be7 15. Nf3 Qd7 16. Qxd7+ Kxd7 17. O-O-O Raf8 18. Rhf1 Nb4 19. Nc3 c5 20. Kb1
Na6 21. Ne4 Nc7 22. c4 Ne6 23. a3 h6 24. h3 Rf7 25. Ne1 Bg5 26. Nf3 Rhf8 27.
Nfxg5 Nxg5 28. Nxg5 hxg5 29. f3 a6 30. Rfe1 b5 31. b3 Rb8 32. Kc2 Kc6 33. Rb1
a5 34. Re4 Rf4 35. Rxf4 gxf4 36. Re1 Kd7 37. Rb1 Ke6 38. Re1 Kf5 39. Rb1 Kg5
40. Re1 Kh4 41. Re2 Kg3 42. cxb5 Rxb5 43. Kc3 Rb6 44. Kc4 Rb8 45. Rb2 Rb6 46.
Re2 d5+ 47. Kxc5 Rxb3 48. Rxe5 Kxg2 49. Rg5+ Kxf3 50. Kd4 Rxa3 51. Rxg6 Ke2 52.
Re6+ Kd2 53. Kxd5 Rxd3+ 54. Kc4 Rxh3 55. Kb5 f3 56. Rd6+ Ke1 57. Re6+ Kf1 58.
Kxa5 f2 59. Rb6 Kg2 60. Rb2 Kg1 0-1

[Event "XVII Miedzynarodowy Turniej Szachowy Kow"]
[Site "Kowalewo Pomorskie"]
[Date "2010.07.06"]
[Round "3.11"]
[White "Tarkowski, Michal"]
[Black "Kuchnio, Przemyslaw"]
[Result "1-0"]
[WhiteElo "2067"]
[BlackElo "2089"]
[PlyCount "94"]
[EventDate "2010.??.??"]

1. d4 d6 2. Nf3 Nf6 3. c4 g6 4. Nc3 Bg7 5. Bg5 O-O 6. e3 Nbd7 7. Be2 c6 8. Qc2
Re8 9. O-O Nf8 10. Rad1 h6 11. Bh4 Qc7 12. a3 g5 13. Bg3 Nh5 14. Nd2 Nxg3 15.
hxg3 e5 16. dxe5 Rxe5 17. Nf3 Re7 18. Nd4 Qa5 19. Ne4 Qe5 20. Nc3 g4 21. Rd2
Be6 22. Rfd1 Rd8 23. Nxe6 Qxe6 24. Bd3 h5 25. Ne2 Qh6 26. Qc1 Be5 27. Bb1 Ne6
28. Qc2 Ng7 29. Nd4 Bxd4 30. Rxd4 Red7 31. Qc3 Ne6 32. R4d2 Qg7 33. Qa5 Qg5 34.
Qxg5+ Nxg5 35. Bf5 Ne6 36. f3 gxf3 37. gxf3 Kg7 38. Rh2 d5 39. Rhd2 Kf6 40. Bh3
Rd6 41. e4 Nc7 42. f4 Kg7 43. Bg2 d4 44. e5 Rg6 45. Kf2 c5 46. Bxb7 Rb8 47. Bf3
Rb3 1-0

[Event "XVII Miedzynarodowy Turniej Szachowy Kow"]
[Site "Kowalewo Pomorskie"]
[Date "2010.07.06"]
[Round "4.1"]
[White "Reza, Wojciech"]
[Black "Siembab, Bartosz"]
[Result "0-1"]
[WhiteElo "1940"]
[BlackElo "2276"]
[PlyCount "80"]
[EventDate "2010.??.??"]

1. e4 c5 2. Nf3 e6 3. d4 cxd4 4. Nxd4 a6 5. Nc3 Qc7 6. Be2 b5 7. a3 Bb7 8. O-O
Nf6 9. Qd3 d6 10. Be3 Nbd7 11. f3 Be7 12. Qd2 O-O 13. Rad1 Rfd8 14. Kh1 Nb6 15.
Rfe1 Nc4 16. Bxc4 bxc4 17. Qf2 Rab8 18. Nb1 Bc8 19. b4 e5 20. Ne2 a5 21. c3 d5
22. exd5 Nxd5 23. Ng3 f5 24. Bc1 Be6 25. Qe2 Bf6 26. Nh5 Rd7 27. Bf4 Nxf4 28.
Nxf4 Bf7 29. Rxd7 Qxd7 30. Rd1 Qc6 31. Nh3 axb4 32. cxb4 c3 33. Qc2 e4 34. fxe4
Qxe4 35. Rc1 Qxc2 36. Rxc2 Rc8 37. Nf2 Bb3 38. Rc1 c2 39. Nd2 Ba4 40. Nd3 Bg5
0-1

[Event "XVII Miedzynarodowy Turniej Szachowy Kow"]
[Site "Kowalewo Pomorskie"]
[Date "2010.07.06"]
[Round "4.2"]
[White "Banasik, Krzysztof"]
[Black "Choroszej, Aleksander"]
[Result "1/2-1/2"]
[WhiteElo "2250"]
[BlackElo "2095"]
[PlyCount "60"]
[EventDate "2010.??.??"]

1. c4 g6 2. Nc3 Bg7 3. g3 d6 4. Bg2 Nf6 5. d3 O-O 6. e3 e5 7. Nge2 c6 8. Qc2
Be6 9. O-O a5 10. b3 d5 11. Ba3 Re8 12. Rac1 Na6 13. cxd5 cxd5 14. d4 e4 15.
Na4 Bf8 16. Bxf8 Kxf8 17. Nc5 Qb6 18. Nf4 Bf5 19. Bh3 Bxh3 20. Nxh3 Rac8 21.
Nf4 Qb5 22. a4 Qb4 23. Rfd1 Nb8 24. Qe2 b6 25. Na6 Nxa6 26. Qxa6 Rxc1 27. Rxc1
Qxb3 28. Rc6 Kg7 29. Rxb6 Qd1+ 30. Kg2 Qf3+ 1/2-1/2

[Event "XVII Miedzynarodowy Turniej Szachowy Kow"]
[Site "Kowalewo Pomorskie"]
[Date "2010.07.06"]
[Round "4.3"]
[White "Piesik, Piotr"]
[Black "Jaroch, Karol"]
[Result "0-1"]
[WhiteElo "2264"]
[BlackElo "2241"]
[PlyCount "98"]
[EventDate "2010.??.??"]

1. Nf3 e6 2. g3 d5 3. Bg2 c5 4. O-O Nf6 5. d3 Nc6 6. Nbd2 Be7 7. e4 dxe4 8.
dxe4 e5 9. c3 O-O 10. Qe2 Qc7 11. Nc4 Be6 12. Bg5 Rad8 13. Rfd1 a6 14. Bxf6
Bxf6 15. h4 Rxd1+ 16. Rxd1 Rd8 17. Rxd8+ Qxd8 18. a3 b5 19. Ne3 c4 20. Qd2 Qxd2
21. Nxd2 Kf8 22. Nd5 Bd8 23. Kf1 Na5 24. Nb4 Bc8 25. Ke2 Ke7 26. Nf1 Kd6 27.
Ne3 g6 28. Kd2 Nb3+ 29. Ke2 a5 30. Nbd5 Nc5 31. Kd2 f5 32. f3 Bb7 33. h5 Bc6
34. hxg6 hxg6 35. exf5 gxf5 36. Nxf5+ Kxd5 37. f4+ e4 38. Ke3 Bd7 39. Nd4 Bf6
40. Nc2 Na4 41. Bxe4+ Kc5 42. Kd2 Nxb2 43. Ne3 Na4 44. g4 Nxc3 45. Bc2 Nd5 46.
Nxd5 Kxd5 47. g5 Be7 48. g6 Bf6 49. Ke3 b4 0-1

[Event "XVII Miedzynarodowy Turniej Szachowy Kow"]
[Site "Kowalewo Pomorskie"]
[Date "2010.07.06"]
[Round "4.4"]
[White "Plichta, Kamil"]
[Black "Kobus, Sebastian"]
[Result "1-0"]
[WhiteElo "2158"]
[BlackElo "2080"]
[PlyCount "107"]
[EventDate "2010.??.??"]

1. d4 d5 2. c4 e6 3. Nc3 Nf6 4. cxd5 exd5 5. Bg5 Be7 6. Qc2 O-O 7. e3 Nc6 8.
Nf3 h6 9. Bf4 Re8 10. a3 Bg4 11. Bd3 Bd6 12. Bxd6 Bxf3 13. Bxc7 Qxc7 14. gxf3
Nxd4 15. Qd1 Nc6 16. O-O d4 17. Nb5 Qe7 18. Nxd4 Nxd4 19. exd4 Nd5 20. Kh1 Nf4
21. Qd2 Qh4 22. Rg1 Nh3 23. Rg3 Rad8 24. Rd1 Rxd4 25. Rf1 Red8 26. Qc3 Nf4 27.
Bb5 a6 28. Rfg1 Nh5 29. Rg4 Rxg4 30. fxg4 Nf4 31. Bc4 Nh3 32. Qg3 Nxf2+ 33. Kg2
Qxg4 34. Kxf2 Qf5+ 35. Ke3 Qc5+ 36. Kf3 Qf5+ 37. Ke3 g5 38. Rc1 b5 39. Be2 Qf6
40. Rc3 a5 41. Bd3 b4 42. axb4 axb4 43. Rc2 Qb6+ 44. Ke2 Qa7 45. Qe5 Qd7 46.
Qf5 Qd6 47. Ke3 b3 48. Rc4 Re8+ 49. Kf3 Kf8 50. Qc5 Qxc5 51. Rxc5 Re1 52. Rb5
Rh1 53. Kg2 Rd1 54. Rxb3 1-0

[Event "XVII Miedzynarodowy Turniej Szachowy Kow"]
[Site "Kowalewo Pomorskie"]
[Date "2010.07.06"]
[Round "4.7"]
[White "Jurkiewicz, Krzysztof"]
[Black "Szmidt, Przemyslaw"]
[Result "0-1"]
[WhiteElo "2142"]
[BlackElo "2033"]
[PlyCount "46"]
[EventDate "2010.??.??"]

1. d4 c5 2. d5 d6 3. Nc3 Nf6 4. e4 g6 5. f4 Bg7 6. e5 dxe5 7. fxe5 Ng4 8. e6 f5
9. Bb5+ Kf8 10. Be2 Nf6 11. h4 Ne8 12. Be3 b6 13. Qd2 h5 14. O-O-O Nd6 15. Rh3
Ba6 16. Rg3 Qe8 17. Nh3 Bxe2 18. Qxe2 Bxc3 19. bxc3 Ne4 20. Rf3 Qa4 21. Bd4
Qa3+ 22. Kb1 cxd4 23. cxd4 Nc3+ 0-1

[Event "XVII Miedzynarodowy Turniej Szachowy Kow"]
[Site "Kowalewo Pomorskie"]
[Date "2010.07.06"]
[Round "4.8"]
[White "Pietrzak, Tomasz"]
[Black "Tarkowski, Michal"]
[Result "1/2-1/2"]
[WhiteElo "1980"]
[BlackElo "2067"]
[PlyCount "58"]
[EventDate "2010.??.??"]

1. Nf3 Nf6 2. d4 d5 3. c4 dxc4 4. e3 e6 5. Bxc4 a6 6. O-O c5 7. e4 Nxe4 8. d5
Nd6 9. dxe6 fxe6 10. Ne5 Qf6 11. Nf3 Nxc4 12. Bg5 Nxb2 13. Qb3 Qg6 14. Qxb2 Be7
15. Bxe7 Kxe7 16. Rd1 Qf6 17. Qb6 Qxa1 18. Qd6+ Kf7 19. Ne5+ Kf6 20. Ng4+ Kg6
21. Qd3+ Kf7 22. Nc3 Qxd1+ 23. Qxd1 Nc6 24. Qf3+ Ke7 25. Qe3 Rd8 26. Qg5+ Kf8
27. Ne5 Bd7 28. Qf4+ Ke7 29. Qg5+ Kf8 1/2-1/2

[Event "XVII Miedzynarodowy Turniej Szachowy Kow"]
[Site "Kowalewo Pomorskie"]
[Date "2010.07.06"]
[Round "4.9"]
[White "Flazinski, Jozef"]
[Black "Mazalon, Mariusz"]
[Result "1/2-1/2"]
[WhiteElo "2000"]
[BlackElo "2093"]
[PlyCount "65"]
[EventDate "2010.??.??"]

1. e4 c5 2. c3 e6 3. d4 d5 4. e5 Nc6 5. Nf3 Nge7 6. Bd3 cxd4 7. cxd4 Nf5 8.
Bxf5 exf5 9. O-O Be7 10. Nc3 Be6 11. Be3 g5 12. Nb5 a6 13. Nd6+ Bxd6 14. exd6
f4 15. Bd2 h6 16. Qb3 Qxd6 17. Qxb7 O-O 18. Rac1 Rfc8 19. Rfe1 f6 20. Qb3 Bg4
21. Qd3 Kg7 22. Bc3 Ne7 23. h3 Bxf3 24. Qxf3 Ng6 25. Qg4 Re8 26. a3 Qc6 27. Bb4
Rxe1+ 28. Rxe1 Re8 29. Rxe8 Qxe8 30. Qf5 Qc6 31. Bc5 Nh4 32. Qc2 Qe6 33. Bb4
1/2-1/2

[Event "XVII Miedzynarodowy Turniej Szachowy Kow"]
[Site "Kowalewo Pomorskie"]
[Date "2010.07.06"]
[Round "4.10"]
[White "Zielinski, Wojciech"]
[Black "Rogala, Robert"]
[Result "1/2-1/2"]
[WhiteElo "2008"]
[BlackElo "2037"]
[PlyCount "105"]
[EventDate "2010.??.??"]

1. e4 g6 2. d4 Bg7 3. Nc3 d6 4. Be3 Nf6 5. f3 Nc6 6. Qd2 e5 7. d5 Ne7 8. O-O-O
a6 9. h4 Nh5 10. g4 Ng3 11. Rh3 Nxf1 12. Rxf1 h5 13. Qg2 b5 14. Rg3 Ng8 15.
gxh5 Qxh4 16. hxg6 f6 17. f4 Qh2 18. Qf3 Qh5 19. Qf2 exf4 20. Bxf4 Ne7 21. Qg2
b4 22. Nce2 Qh1 23. Qf2 Rh2 24. Qe3 Bd7 25. Rgf3 Nxg6 26. Bxh2 Qxh2 27. Kb1 Ne5
28. Rg3 Qh8 29. Nf3 Nc4 30. Qd4 Bb5 31. Rfg1 Bf8 32. Nf4 Kd7 33. Ng6 Qh6 34.
Qxf6 Re8 35. Qf5+ Kd8 36. Nf4 Bd7 37. Qg5+ Kc8 38. Qxh6 Bxh6 39. Ne6 Bxe6 40.
dxe6 Rxe6 41. Rg6 Nd2+ 42. Nxd2 Rxg6 43. Rxg6 Bxd2 44. Rg2 Bf4 45. c3 bxc3 46.
bxc3 Kd7 47. Kc2 Kc6 48. Kd3 Kc5 49. Rg7 c6 50. Rf7 Be5 51. Rb7 Bg3 52. a4 Be5
53. Rf7 1/2-1/2

[Event "XVII Miedzynarodowy Turniej Szachowy Kow"]
[Site "Kowalewo Pomorskie"]
[Date "2010.07.06"]
[Round "4.11"]
[White "Garbowska, Hanna"]
[Black "Kruczynski, Marek"]
[Result "1-0"]
[WhiteElo "2026"]
[BlackElo "1988"]
[PlyCount "65"]
[EventDate "2010.??.??"]

1. e4 d5 2. exd5 Qxd5 3. Nc3 Qd6 4. d4 Nf6 5. Bd3 a6 6. Nge2 Nc6 7. Bf4 Qd8 8.
h3 e6 9. O-O Nb4 10. Ng3 c6 11. Bc4 Nbd5 12. Nxd5 cxd5 13. Bd3 Bd6 14. Be5 Bxe5
15. dxe5 Nd7 16. Qg4 g6 17. f4 h5 18. Qf3 h4 19. Ne2 Qb6+ 20. Kh1 Qxb2 21. Rab1
Qa3 22. Nd4 Qe7 23. c4 dxc4 24. Bxc4 Rb8 25. a4 Qc5 26. Qd3 Qc7 27. Nxe6 fxe6
28. Qxg6+ Kd8 29. Bxe6 Nf8 30. Rfd1+ Bd7 31. Qf6+ Kc8 32. Bxd7+ Nxd7 33. Qxh8+
1-0

[Event "XVII Miedzynarodowy Turniej Szachowy Kow"]
[Site "Kowalewo Pomorskie"]
[Date "2010.07.07"]
[Round "5.1"]
[White "Siembab, Bartosz"]
[Black "Choroszej, Aleksander"]
[Result "1/2-1/2"]
[WhiteElo "2276"]
[BlackElo "2095"]
[PlyCount "69"]
[EventDate "2010.??.??"]

1. d4 g6 2. c4 Bg7 3. Nc3 d6 4. e4 Nf6 5. Nf3 O-O 6. Be2 e5 7. O-O Nc6 8. d5
Ne7 9. b4 Nh5 10. c5 f5 11. Ng5 Nf6 12. f3 h6 13. Ne6 Bxe6 14. dxe6 d5 15. exd5
Nfxd5 16. Nxd5 Qxd5 17. Qxd5 Nxd5 18. Bc4 c6 19. Rd1 Rfd8 20. b5 Bf8 21. Ba3
Kg7 22. bxc6 bxc6 23. Rab1 Kf6 24. Rb7 Kxe6 25. Rdb1 Kf6 26. h4 g5 27. h5 Be7
28. Kh1 Ne3 29. Rc1 Nd5 30. Re1 Rdb8 31. Ba6 Rxb7 32. Bxb7 Rb8 33. Bxc6 Nf4 34.
Rd1 Rc8 35. Bb5 1/2-1/2

[Event "XVII Miedzynarodowy Turniej Szachowy Kow"]
[Site "Kowalewo Pomorskie"]
[Date "2010.07.07"]
[Round "5.2"]
[White "Jaroch, Karol"]
[Black "Banasik, Krzysztof"]
[Result "1-0"]
[WhiteElo "2241"]
[BlackElo "2250"]
[PlyCount "126"]
[EventDate "2010.??.??"]

1. e4 e6 2. d4 d5 3. exd5 exd5 4. Nc3 Nf6 5. Bg5 Be7 6. Bd3 O-O 7. Qd2 Nc6 8.
Nge2 Nb4 9. f3 b6 10. O-O-O c5 11. a3 Nxd3+ 12. Qxd3 c4 13. Qd2 h6 14. Bxf6
Bxf6 15. Nf4 Bb7 16. Nh5 Be7 17. g4 g6 18. Ng3 Bc6 19. Kb1 Kg7 20. Rdf1 b5 21.
Nd1 a5 22. Ne3 Rh8 23. f4 b4 24. a4 Ra7 25. f5 Bg5 26. h4 c3 27. Qd3 Bxe3 28.
Qxe3 Qe8 29. Qf3 Bxa4 30. fxg6 fxg6 31. b3 Bxb3 32. cxb3 a4 33. Qf6+ Kh7 34.
Re1 Qf8 35. Qb6 Qb8 36. Qxb8 Rxb8 37. bxa4 b3 38. Re3 c2+ 39. Kb2 Rxa4 40. Rxb3
Rxb3+ 41. Kxb3 Rxd4 42. Kxc2 Rxg4 43. Nf1 d4 44. Nd2 h5 45. Nf3 Kg7 46. Kd3 Kf6
47. Ra1 Kf5 48. Nxd4+ Kf4 49. Rh1 Kg3 50. Ke3 Kg2 51. Ra1 Rxh4 52. Nf3 Rb4 53.
Rg1+ Kh3 54. Rxg6 Rb3+ 55. Ke2 Rb2+ 56. Nd2 h4 57. Ke1 Ra2 58. Nc4 Kh2 59. Ne3
h3 60. Kf1 Ra1+ 61. Kf2 Ra2+ 62. Kf3 Ra3 63. Rb6 Ra2 1-0

[Event "XVII Miedzynarodowy Turniej Szachowy Kow"]
[Site "Kowalewo Pomorskie"]
[Date "2010.07.07"]
[Round "5.3"]
[White "Kubicki, Marek"]
[Black "Plichta, Kamil"]
[Result "1/2-1/2"]
[WhiteElo "2172"]
[BlackElo "2158"]
[PlyCount "49"]
[EventDate "2010.??.??"]

1. e4 c5 2. c4 Nc6 3. g3 g6 4. Bg2 Bg7 5. Ne2 d6 6. O-O e6 7. d3 Nge7 8. Nbc3
O-O 9. Be3 Nd4 10. Qd2 Rb8 11. Bh6 Bxh6 12. Qxh6 a6 13. h4 b5 14. b3 d5 15.
cxd5 Nxe2+ 16. Nxe2 exd5 17. h5 c4 18. dxc4 dxc4 19. Qc1 Bg4 20. f3 Be6 21. h6
Qb6+ 22. Kh1 f6 23. Qb2 b4 24. bxc4 Bxc4 25. Rfc1 1/2-1/2

[Event "XVII Miedzynarodowy Turniej Szachowy Kow"]
[Site "Kowalewo Pomorskie"]
[Date "2010.07.07"]
[Round "5.4"]
[White "Szmidt, Przemyslaw"]
[Black "Piesik, Piotr"]
[Result "1/2-1/2"]
[WhiteElo "2033"]
[BlackElo "2264"]
[PlyCount "76"]
[EventDate "2010.??.??"]

1. e4 Nc6 2. Bb5 Nd4 3. Bc4 Nf6 4. Nf3 Nxf3+ 5. Qxf3 d6 6. d4 e6 7. Nc3 c6 8.
Bg5 Be7 9. e5 d5 10. exf6 gxf6 11. Bh4 dxc4 12. O-O-O f5 13. Bxe7 Qxe7 14. Rhe1
Qg5+ 15. Kb1 Bd7 16. g3 O-O-O 17. Qe2 b5 18. Qe5 f6 19. Qc5 Kb7 20. a4 a6 21.
a5 Ka8 22. Qb6 Qg7 23. Qxa6+ Kb8 24. Qb6+ Ka8 25. d5 exd5 26. a6 Rb8 27. Qc7
Rhc8 28. Qd6 Re8 29. Rxe8 Bxe8 30. Re1 Qd7 31. Qxf6 d4 32. Re7 Qd8 33. Qg7 Qb6
34. Rb7 Rxb7 35. axb7+ Qxb7 36. Qxd4 Qe7 37. Qb6 Qe1+ 38. Ka2 Qe7 1/2-1/2

[Event "XVII Miedzynarodowy Turniej Szachowy Kow"]
[Site "Kowalewo Pomorskie"]
[Date "2010.07.07"]
[Round "5.5"]
[White "Kobus, Sebastian"]
[Black "Reza, Wojciech"]
[Result "1/2-1/2"]
[WhiteElo "2080"]
[BlackElo "1940"]
[PlyCount "66"]
[EventDate "2010.??.??"]

1. e4 c5 2. Nf3 Nc6 3. d4 cxd4 4. Nxd4 g6 5. Nxc6 bxc6 6. Qd4 f6 7. Bc4 Bg7 8.
O-O Nh6 9. Nc3 Nf7 10. f4 Qb6 11. Be3 Qxd4 12. Bxd4 e6 13. f5 gxf5 14. exf5 e5
15. Bc5 Bf8 16. Be3 Bb7 17. Bb3 d5 18. Na4 d4 19. Bd2 c5 20. c3 Ba6 21. Rfe1 c4
22. Bd1 d3 23. Be3 Bh6 24. Bf2 Nd6 25. Nc5 Bc8 26. Bh4 O-O 27. g4 Bd2 28. Bf3
Bxe1 29. Rxe1 Rb8 30. b3 Kg7 31. Bd5 cxb3 32. axb3 Nb5 33. Ne4 Nc7 1/2-1/2

[Event "XVII Miedzynarodowy Turniej Szachowy Kow"]
[Site "Kowalewo Pomorskie"]
[Date "2010.07.07"]
[Round "5.6"]
[White "Zurkowski, Andrzej"]
[Black "Pietrzak, Tomasz"]
[Result "1-0"]
[WhiteElo "2175"]
[BlackElo "1980"]
[PlyCount "47"]
[EventDate "2010.??.??"]

1. d4 d5 2. Nf3 Nf6 3. e3 g6 4. Bd3 c6 5. O-O Bg4 6. h3 Bxf3 7. Qxf3 Bg7 8. Nd2
O-O 9. c4 Nbd7 10. cxd5 cxd5 11. Qe2 e5 12. dxe5 Nxe5 13. Nb3 Rc8 14. Bd2 Nxd3
15. Qxd3 Ne4 16. Bb4 Re8 17. Ba3 Qh4 18. Rad1 Re5 19. f4 Ree8 20. Qxd5 Rc2 21.
Nd2 Bxb2 22. Bxb2 Rd8 23. Qxe4 Rxb2 24. Nf3 1-0

[Event "XVII Miedzynarodowy Turniej Szachowy Kow"]
[Site "Kowalewo Pomorskie"]
[Date "2010.07.07"]
[Round "5.7"]
[White "Mazalon, Mariusz"]
[Black "Puczylowski, Marcin"]
[Result "0-1"]
[WhiteElo "2093"]
[BlackElo "2034"]
[PlyCount "88"]
[EventDate "2010.??.??"]

1. d4 e6 2. g3 Nf6 3. Bg2 d5 4. Nf3 c5 5. O-O Nc6 6. b3 cxd4 7. Nxd4 e5 8. Nxc6
bxc6 9. Bb2 Bd6 10. c4 Bb7 11. Nc3 Bc7 12. cxd5 cxd5 13. Qd2 Qd7 14. Rfd1 Rd8
15. Na4 Qe7 16. Rac1 Bd6 17. Qa5 Ba8 18. Nc3 d4 19. Bxa8 Rxa8 20. Nb5 Bb4 21.
Nc7+ Kf8 22. Qa6 Rd8 23. Qxa7 g6 24. a3 Bd6 25. Nb5 Rd7 26. Rc8+ Kg7 27. Qa8
Rxc8 28. Qxc8 Ne4 29. Qc6 f5 30. f3 Nf6 31. b4 Bb8 32. Bc1 h6 33. e3 d3 34. Bb2
Rd8 35. Qc4 f4 36. Rxd3 fxg3 37. hxg3 Nh5 38. g4 Nf6 39. e4 h5 40. g5 Nh7 41.
f4 Rf8 42. Qc6 Rf7 43. Rd5 Nxg5 44. Rxe5 Nf3+ 0-1

[Event "XVII Miedzynarodowy Turniej Szachowy Kow"]
[Site "Kowalewo Pomorskie"]
[Date "2010.07.07"]
[Round "5.8"]
[White "Rogala, Robert"]
[Black "Jurkiewicz, Krzysztof"]
[Result "0-1"]
[WhiteElo "2037"]
[BlackElo "2142"]
[PlyCount "46"]
[EventDate "2010.??.??"]

1. d4 Nf6 2. c4 g6 3. Nc3 Bg7 4. e4 d6 5. f3 O-O 6. Be3 e5 7. d5 Ne8 8. Qd2 f5
9. O-O-O a5 10. h3 Na6 11. g4 Nc5 12. Bg2 b6 13. Nge2 f4 14. Bf2 a4 15. Kc2 Nf6
16. Nc1 Bd7 17. Nd3 Qc8 18. Qe1 Qa6 19. b3 axb3+ 20. axb3 Nxb3 21. Kxb3 Ba4+
22. Nxa4 Qxa4+ 23. Kc3 Qa2 0-1

[Event "XVII Miedzynarodowy Turniej Szachowy Kow"]
[Site "Kowalewo Pomorskie"]
[Date "2010.07.07"]
[Round "5.9"]
[White "Tarkowski, Michal"]
[Black "Flazinski, Jozef"]
[Result "1-0"]
[WhiteElo "2067"]
[BlackElo "2000"]
[PlyCount "49"]
[EventDate "2010.??.??"]

1. d4 Nf6 2. c4 e6 3. Bg5 d5 4. e3 Bb4+ 5. Nc3 c5 6. Bxf6 Qxf6 7. Nf3 O-O 8.
Be2 Nc6 9. a3 cxd4 10. Nxd4 Bxc3+ 11. bxc3 dxc4 12. Bxc4 e5 13. Nxc6 Qxc6 14.
Qd5 Qc7 15. Qb5 Bd7 16. Qb3 Rac8 17. Bd5 Qa5 18. O-O Rxc3 19. Qxb7 Bb5 20. Rfb1
a6 21. a4 Rfc8 22. axb5 Qxb5 23. Qxc8+ Rxc8 24. Rxb5 axb5 25. g3 1-0

[Event "XVII Miedzynarodowy Turniej Szachowy Kow"]
[Site "Kowalewo Pomorskie"]
[Date "2010.07.07"]
[Round "5.10"]
[White "Renkowski, Piotr"]
[Black "Zielinski, Wojciech"]
[Result "1/2-1/2"]
[WhiteElo "1931"]
[BlackElo "2008"]
[PlyCount "85"]
[EventDate "2010.??.??"]

1. e4 e6 2. d4 d5 3. e5 c5 4. dxc5 Nc6 5. Nf3 Bxc5 6. Bd3 f6 7. Qe2 fxe5 8.
Nxe5 Nxe5 9. Qxe5 Qf6 10. Qxf6 gxf6 11. O-O Bd7 12. Nc3 a6 13. Re1 Kf7 14. Ne2
Ne7 15. a3 Ng6 16. Nf4 Rae8 17. c4 Nxf4 18. Bxf4 e5 19. Bd2 dxc4 20. Bxc4+ Be6
21. Bxe6+ Kxe6 22. Rac1 Rc8 23. Kf1 Bd4 24. Bc3 Bxc3 25. Rxc3 Rxc3 26. bxc3 Rc8
27. Re3 Rc4 28. Rh3 b5 29. Ke2 Kd5 30. Kd2 Rc7 31. Rd3+ Ke6 32. Rg3 a5 33. Rg8
Rc4 34. Rb8 Ra4 35. Rxb5 Rxa3 36. Rb7 Ra2+ 37. Ke3 h6 38. Rh7 Rc2 39. Rxh6
Rxc3+ 40. Kd2 Ra3 41. Rh7 Ra2+ 42. Ke3 Kf5 43. Ra7 1/2-1/2

[Event "XVII Miedzynarodowy Turniej Szachowy Kow"]
[Site "Kowalewo Pomorskie"]
[Date "2010.07.07"]
[Round "5.11"]
[White "Kuchnio, Przemyslaw"]
[Black "Garbowska, Hanna"]
[Result "0-1"]
[WhiteElo "2089"]
[BlackElo "2026"]
[PlyCount "84"]
[EventDate "2010.??.??"]

1. e4 c5 2. Ne2 d6 3. g3 g6 4. Bg2 Bg7 5. O-O Nc6 6. c3 e6 7. d3 Nge7 8. Nd2
O-O 9. f4 Rb8 10. Nf3 b5 11. Be3 b4 12. Rf2 Qa5 13. Qc2 bxc3 14. bxc3 Ba6 15.
Re1 Rfc8 16. g4 Qb5 17. Nc1 Nd4 18. Bxd4 cxd4 19. c4 Qb4 20. Qe2 Nc6 21. h4 Qc3
22. h5 Rb1 23. Nb3 Rxe1+ 24. Nxe1 Nb4 25. hxg6 hxg6 26. Qd2 Nxa2 27. Qxa2 Qxe1+
28. Bf1 Rb8 29. Nd2 Rb6 30. f5 gxf5 31. exf5 exf5 32. Rxf5 Qg3+ 33. Bg2 Bb7 34.
Nf1 Qxg2+ 35. Qxg2 Bxg2 36. Kxg2 Rb3 37. Ra5 Rxd3 38. Rxa7 Rc3 39. Ra4 d3 40.
Kf3 Bh6 41. Ra6 Rc1 42. Rxd6 Rxf1+ 0-1

[Event "XVII Miedzynarodowy Turniej Szachowy Kow"]
[Site "Kowalewo Pomorskie"]
[Date "2010.07.08"]
[Round "6.1"]
[White "Jaroch, Karol"]
[Black "Siembab, Bartosz"]
[Result "1/2-1/2"]
[WhiteElo "2241"]
[BlackElo "2276"]
[PlyCount "60"]
[EventDate "2010.??.??"]

1. e4 c6 2. d4 d5 3. exd5 cxd5 4. Bd3 Nc6 5. c3 g6 6. Nf3 Nh6 7. O-O Bf5 8. Re1
Bxd3 9. Qxd3 Bg7 10. h4 O-O 11. h5 Qd7 12. hxg6 fxg6 13. Nbd2 Ng4 14. Nf1 Qd6
15. N1h2 Nxf2 16. Qb5 Ne4 17. Qxb7 e5 18. dxe5 Nxe5 19. Nxe5 Bxe5 20. Ng4 Rab8
21. Qxa7 Bg7 22. Nh6+ Kh8 23. Be3 Rxb2 24. Nf7+ Rxf7 25. Qxf7 h5 26. Bd4 Bxd4+
27. cxd4 Rxg2+ 28. Kxg2 Qg3+ 29. Kf1 Qh3+ 30. Kg1 Qg3+ 1/2-1/2

[Event "XVII Miedzynarodowy Turniej Szachowy Kow"]
[Site "Kowalewo Pomorskie"]
[Date "2010.07.08"]
[Round "6.3"]
[White "Piesik, Piotr"]
[Black "Zurkowski, Andrzej"]
[Result "0-1"]
[WhiteElo "2264"]
[BlackElo "2175"]
[PlyCount "64"]
[EventDate "2010.??.??"]

1. d4 d6 2. Nf3 c6 3. e4 Qc7 4. a4 Nd7 5. Nc3 Ngf6 6. g3 e5 7. Bg2 Be7 8. O-O
O-O 9. h3 Rb8 10. Qe2 Re8 11. Be3 b6 12. Rad1 Bf8 13. d5 Nc5 14. Bxc5 bxc5 15.
b3 Qa5 16. Qe3 cxd5 17. Nxd5 Nxd5 18. exd5 Ba6 19. Rfe1 c4 20. Bf1 cxb3 21.
cxb3 Bxf1 22. Rxf1 Rb4 23. Qc3 Reb8 24. Qd2 Qb6 25. Rc1 Rxb3 26. Rc6 Qd8 27.
Ng5 Rb2 28. Qe3 R8b3 29. Qc1 Qa5 30. Rd1 Qxa4 31. Rc8 Rb8 32. Rd3 Rb1 0-1